| 000 | 00000nam 2200000zi 4500 |
| 001 | 9.900563 |
| 003 | CaOODSP |
| 005 | 20221107175435 |
| 006 | m o d f |
| 007 | cr |n||||||||| |
| 008 | 210608e202106##oncbd ob f000 0 fre d |
| 020 | |a9780660391670 |
| 040 | |aCaOODSP|bfre|erda|cCaOODSP |
| 043 | |an-cn--- |
| 086 | 1 |aFs70-5/2021-045F-PDF |
| 100 | 1 |aGalbraith, Peter S. |q(Peter Stewart), |d1963- |eauteur. |
| 245 | 10|aConditions océanographiques physiques dans le golfe du Saint-Laurent en 2020 / |cP.S. Galbraith, J. Chassé, J.-L. Shaw, J. Dumas, C. Caverhill, D. Lefaivre, C. Lafleur. |
| 264 | 1|aOttawa (Ontario) : |bSecrétariat canadien de consultation scientifique (SCCS), |cJuin 2021. |
| 264 | 4|c©2021 |
| 300 | |a1 ressource en ligne (iv, 84 pages) : |bcartes, graphiques (principalement en couleur) |
| 336 | |atexte|btxt|2rdacontent/fre |
| 337 | |ainformatique|bc|2rdamedia/fre |
| 338 | |aressource en ligne|bcr|2rdacarrier/fre |
| 490 | 1 |aDocument de recherche, |x2292-4272 ; |v2021/045 |
| 500 | |aPublié aussi en anglais sous le titre : Physical oceanographic conditions in the Gulf of St. Lawrence during 2020. |
| 504 | |aComprend des références bibliographiques (pages 21-24). |
| 520 | |a« Le présent document donne un aperçu des conditions d’océanographie physique qui ont prévalu dans le golfe du Saint-Laurent en 2020 et est un produit du Programme de monitorage de la zone atlantique (PMZA) »--Résumé, page iv. |
| 650 | 6|aOcéanographie|zSaint-Laurent, Golfe du|vObservations. |
| 710 | 2 |aSecrétariat canadien de consultation scientifique, |eorganisme de publication. |
| 710 | 1 |aCanada. |bMinistère des pêches et des océans. |bRégion du Québec, |eorganisme de publication. |
| 775 | 08|tPhysical oceanographic conditions in the Gulf of St. Lawrence during 2020 / |w(CaOODSP)9.900562 |
| 830 | #0|aDocument de recherche (Secrétariat canadien de consultation scientifique)|v2021/045.|w(CaOODSP)9.503788 |
| 856 | 40|qPDF|s19.84 Mo|uhttps://publications.gc.ca/collections/collection_2021/mpo-dfo/fs70-5/Fs70-5-2021-045-fra.pdf |